| 000 | 00652 a2200241 4500 | ||
|---|---|---|---|
| 003 | DLC | ||
| 005 | 20260407153728.0 | ||
| 008 | 2023s2023 xx 000 0 eng d | ||
| 020 | _a9781032461243 | ||
| 040 |
_aDLC _beng |
||
| 050 |
_aG70.4 _b.A48 2023 |
||
| 100 | 1 |
_aAlves, Marcelo de Carvalho _eauthor. |
|
| 245 | 1 | 0 | _aRemote Sensing and Digital Image Processing with R |
| 264 | 1 |
_bTaylor & Francis Group _c2023 |
|
| 300 | _aix, 178p. ill. | ||
| 336 | _2CC | ||
| 338 | _2CC | ||
| 650 | 0 | _aGeography | |
| 650 | _aRemote sensing | ||
| 650 |
_aImage processing _xDigital techniques |
||
| 650 | _aR (Computer program language) | ||
| 942 |
_2lcc _cBK |
||
| 999 |
_c44276 _d44276 |
||